| 000 | 00392cam a2200169ua 4500 | ||
|---|---|---|---|
| 001 | 2534 | ||
| 008 | 131126n II |||gr||||Z||||||hin | ||
| 040 | _aMAIN | ||
| 041 | _aEnglish | ||
| 082 | _a891.43 POR | ||
| 100 | _aPORIBAR, KUADAV SINGH. | ||
| 245 | _aANTRATMA KA UPADRAVA | ||
| 260 |
_aDELHI: _bGRANDA ACADEMI, _c1982. |
||
| 300 |
_a147.: _c20CM. |
||
| 653 | _aHindi Books | ||
| 942 | _cBK | ||
| 999 |
_c2528 _d2528 |
||